| 000 | 00632cam a2200217 a 4500 | ||
|---|---|---|---|
| 001 | 3379681 | ||
| 005 | 20240208004404.0 | ||
| 008 | 880303s1987 ii b 001 0 eng c | ||
| 020 | _a195620690 | ||
| 040 |
_aDLC/MH _cMH _dDLC |
||
| 082 |
_222 _a306.6 _bUMA. |
||
| 100 | 1 | _aChakravarti, Uma. | |
| 245 | 1 | 4 |
_aThe social dimensions of early Buddhism / _cUma Chakravarti. |
| 260 |
_aDelhi ; _aNew York : _bOxford University Press, _c1987. |
||
| 300 | _axii, 238 p. ; | ||
| 500 | _aIncludes indexes. | ||
| 650 | 0 | _aBuddhism | |
| 650 | 0 | _aBuddhism | |
| 856 | 4 | 2 | _uhttp://www.loc.gov/catdir/enhancements/fy0638/87900036-d.html |
| 942 | _cL | ||
| 999 |
_c325 _d325 |
||